| 000 | 00795nam a2200241Ia 4500 | ||
|---|---|---|---|
| 003 | OSt | ||
| 005 | 20220927105801.0 | ||
| 006 | a|||||r|||| 00| 0 | ||
| 007 | ta | ||
| 008 | 220926b |||||||| |||| 00| 0 eng d | ||
| 020 | _a9789211251173 | ||
| 024 | _a197455 | ||
| 037 | _cReference Collections | ||
| 040 |
_aRTL _cRTL _beng |
||
| 041 |
_2eng _aeng |
||
| 082 | _a"X:89K.6.P, Q2/UN" | ||
| 100 | _aUNITED NATIONS ECONOMIC COMMISSION FOR AFRICA | ||
| 245 | 0 |
_aAssessing regional integration in Africa V _b Towards an African Continental free trade area |
|
| 260 |
_aAddis _b"Ababa, UNECA, " _c2012 |
||
| 300 |
_a144p _ccm. |
||
| 942 |
_h"X:89K.6.P, Q2/UN" _cCC |
||
| 999 |
_c694689 _d694689 |
||